000 00538pab a2200169 454500
008 180718b2000 xxu||||| |||| 00| 0 eng d
100 _aAnnamalai, V.
245 _aThe role of panchayati raj institutions in natural resource management: a study of two village panchayats in Tamil Nadu
260 _c2000
300 _ap.475-79
362 _aJul-Sep
650 _aNatural resources - India - Tamil Nadu
650 _aPanchayat - India - Tamil Nadu
650 _aPanchayat
773 _aJournal of Rural Development
909 _a46781
999 _c46781
_d46781